• 首页
  • 本馆介绍
  • 公告通知
  • 最新文献
  • 馆藏检索
  • 电子资源
  • 读者导购
  • 参考咨询
  • 我的图书馆
  • 登录
  • 详细信息显示
  • 放入我的书架
  • 预约/预借图书
  • 作者相关作品
  • 分类相关作品
  • 丛书相关作品
  • 出版社相关作品

书目信息

  • 表格格式
  • 工作单格式
  • 卡片格式
题名:
扬琴二重奏曲集
    
 
作者: 成海华 编
分册:  
出版信息: 上海   上海音乐学院出版社  2014
页数: 133页
开本: 30cm
丛书名:
单 册:
中图分类: J648.519
科图分类:
主题词: 扬琴--yang qin--重奏曲--中国--作品集
电子资源:
ISBN: 978-7-80692-904-9
000 00739nam0 2200229 450
001 340461
005 20150625160004.31
010    @a978-7-80692-904-9@dCNY28.00
100    @a20140415d2014 em y0chiy0121 ea
101 0  @achi
102    @aCN@b310000
105    @ag z 000yy
106    @ar
200 1  @a扬琴二重奏曲集@Ayang qin er chong zou qu ji@f成海华编
210    @a上海@c上海音乐学院出版社@d2014
215    @a133页@c乐谱@d30cm
330    @a本书选取了《阳关三叠》、《天使之梦》、《中国花鼓》、《莲花》、《第四狂想曲》等作品, 由作者改编成扬琴二重奏。
606 0  @a扬琴@Ayang qin@x重奏曲@y中国@j作品集
690    @aJ648.519@v5
701  0 @a成海华@Acheng hai hua@4编
801  0 @aCN@b卓展宏图@c20150525
905    @dJ648.519@e190@f4
    
    扬琴二重奏曲集/成海华编.-上海:上海音乐学院出版社,2014
    133页:乐谱;30cm
    
    
    ISBN 978-7-80692-904-9:CNY28.00
    本书选取了《阳关三叠》、《天使之梦》、《中国花鼓》、《莲花》、《第四狂想曲》等作品, 由作者改编成扬琴二重奏。
●
相关链接 在E读中查询图书 在五车中查询图书 在当当中查询图书 在豆瓣中查询图书


正题名:扬琴二重奏曲集     索取号:J648.519/190         预约/预借

序号 登录号 条形码 馆藏地/架位号 状态 备注
1 865765   208657657   第一样本阅览室/ [索取号:J648.519/190] 在馆    
2 865766   208657666   第一借阅区/ [索取号:J648.519/190] 在馆    
3 865767   208657675   第一借阅区/ [索取号:J648.519/190] 在馆    
4 865768   208657684   密集书库-音乐系/ [索取号:J648.519/190] 在馆    
唐山师范学院图书馆 欢迎您!
大连网信软件有限公司© 版权所有